| 000 | 00395nam a2200133Ia 4500 | ||
|---|---|---|---|
| 008 | 220217s9999||||xx |||||||||||||| ||und|| | ||
| 020 | _a81-7808-487-2 | ||
| 082 | _a004 LEW | ||
| 100 |
_aLewis, Harry, R. Papadimitriou, Chistos _92947 |
||
| 245 | 0 | _aElements of the theory of computation | |
| 260 |
_aPearson education of asia _bDelhi _c2001 |
||
| 300 | _b150 | ||
| 650 | _aCOMPUTER SCIENCE | ||
| 999 |
_c170405 _d170405 |
||